000 00749nas a2200241 4500
001 BR9211086
003 BR-BrBNA
005 20231205093430.0
007 ta
008 230509b bl.|||p| |||| 00| 00por d
040 _aBR-BrBNA
_bpor
_cBiblioteca Nacional de Agricultura
041 _a(Pt)
072 _aH10
100 1 _aCarvalho, J.C.M.
100 1 _aCosta, L.A.A.
245 1 _aMirideos neotropicais, 130: novas especies adicionais do genero Phytocoris do Brasil (Hemiptera)
650 _aHEMIPTERA
650 _aTAXONOMIA
650 _aENTOMOLOGIA
773 0 _tRevista Brasileira de Biologia (Brazil)
_xISSN 0034-7108
_g(May 1991), v. 51(2) p. 355-364
_wBR9211086
909 _a202311
_bLúcia
_c55
_dLúcia Elande
942 _2AGRIS
_n0
_cANA
999 _c138295
_d138295